000 00770nam a22002537a 4500
005 20170123162318.0
010 _aB-080337
020 _c100.00
035 _aB-080337
037 _bCen Lib/Ret
040 _aDPL
_bUR
082 _aن
_bا ب ن
100 _aابن صفی
_9656
245 _aتجوری کا راز /
_bابن صفی
246 _aTijori ka raaz /
_bby Abn-e- Safi
260 _aدہلی
_bکتاب والا
_c2004
270 _bدہلی
_a٢٧٩٤، گلی جھوٹ والی پہاڑی بھوجلہ
_e110002
300 _a159p.:
_c21cm(Hb)
650 _aاردو ادب
_9115623
650 _aاردو ناول
_9547
650 _aUrdu literature
_9115624
650 _aUrdu novel
_9115625
942 _2ddc
_cUR
_hن
_mا ب ن
999 _c106853
_d106853